Normal view MARC view
  • Libros de texto

Entry Materia

Number of records used in: 229

001 - NÚMERO DE CONTROL DEL REGISTRO

  • campo de control: 4427

003 - IDENTIFICADOR DE NUMERO DE CONTROL

  • campo de control: MX-MxUPN

005 - FECHA Y HORA DE LA ÚLTIMA TRANSACCIÓN

  • campo de control: 20260107150749.0

008 - DATOS DE LONGITUD FIJA

  • campo de control de longitud fija: 220805nn annnnbabn a ana |d

035 ## - NÚMERO DE CONTROL DEL SISTEMA

  • Número de control del sistema: UPN10000004427

040 ## - FUENTE DE LA CATALOGACIÓN

  • Centro catalogador de origen: MX-MxUPN
  • Lengua de catalogación: spa
  • Agencia de transcripción: MX-MxUPN

046 ## - FECHAS CON CODIFICACIÓN ESPECIAL

  • Fecha final para contenidos agregados: 2022

053 #4 - NÚMERO CLASIFICADOR - BIBLIOTECA DEL CONGRESO (LC)

  • Elemento numérico de la clasificación - Número único o no. inicial del rango: LB3045

150 ## - ENCABEZAMIENTO - TEMÁTICO

  • Término de materia o nombre geográfico como elemento inicial: Libros de texto

360 ## - REFERENCIA COMPLEJA DE VÉASE ADEMÁS - MATERIA

  • Texto explicativo: Bajo ramas particulares de estudio, con la subdivisión de
  • Encabezamiento al que se remite: LIBROS DE TEXTO
  • Texto explicativo: o sin ella. Ej.:
  • Encabezamiento al que se remite: ARITMETICA ; ESPAÑOL - GRAMATICA - LIBROS DE TEXTO ; GEOGRAFIA FISICA - LIBROS DE TEXTO ; INGLES - GRAMATICA
  • Texto explicativo: y la subdivisión de
  • Encabezamiento al que se remite: LIBROS DE TEXTO PARA EXTRANJEROS
  • Texto explicativo: bajo nombres de lenguas. Ej. :
  • Encabezamiento al que se remite: INGLES - LIBROS DE TEXTO PARA EXTRANJEROS

670 ## - FUENTE EN LA QUE SE LOCALIZARON DATOS

  • Cita de la fuente: E

902 ## - CATALOGADOR

  • Catalogador: LG/090996